000
00361nam a2200157Ia 4500
003
0STCL
008
150530s9999 xx 000 0 und d
040
_a
STCL
_c
STCL
100
_a
Humayun Kabir
245
_a
Programme of National Education for India
260
_c
1953
546
_a
English
942
_2
ddc
_c
BK
999
_c
15607
_d
15607
005
20220125165734.0